Online
Catalog

El divorcio en la República Dominicana / (Record no. 6834)

MARC details
000 -CABECERA
campo de control de longitud fija 00459nam a2200145 a 4500
001 - NÚMERO DE CONTROL
campo de control 000007051
005 - FECHA Y HORA DE LA ÚLTIMA TRANSACCIÓN
campo de control 20200929154044.0
008 - DATOS DE LONGITUD FIJA--INFORMACIÓN GENERAL
campo de control de longitud fija 090904s1968 dr 001 0 spa d
040 ## - FUENTE DE LA CATALOGACIÓN
Centro catalogador/agencia de origen DO-SdBNP
Lengua de catalogación spa
Centro/agencia transcriptor BNPHU
100 1# - ENTRADA PRINCIPAL--NOMBRE DE PERSONA
Nombre de persona Gómez, Manuel Ubaldo,
Fechas asociadas al nombre 1892-1951.
9 (RLIN) 19596
245 13 - MENCIÓN DE TÍTULO
Título El divorcio en la República Dominicana /
Mención de responsabilidad, etc. Manuel Ubaldo Gómez.
260 ## - PUBLICACIÓN, DISTRIBUCIÓN, ETC.
Lugar de publicación, distribución, etc. Santo Domingo :
Nombre del editor, distribuidor, etc. Capeldom,
Fecha de publicación, distribución, etc. 1968.
300 ## - DESCRIPCIÓN FÍSICA
Extensión 152 p. ;
Dimensiones 23 cm.
500 ## - NOTA GENERAL
Nota general Incluye índice analítico
Holdings
Estado de retiro Estado de pérdida No para préstamo Código de colección Localización permanente Ubicación/localización actual Ubicación en estantería Fecha de adquisición Número de inventario Total de préstamos Signatura topográfica completa Código de barras Fecha visto por última vez Precio válido a partir de Tipo de ítem Koha Fuente del sistema de clasificación o colocación Fuente de adquisición Número de copia
    Excluido de préstamo Patrimonio Dominicano Patrimonio Dominicano Patrimonio Dominicano En catalogación 04.09.2009 LF1   7051-10 25.06.2020 25.06.2020 Libro y Folleto Colección Patrimonio Dominicano      
    Excluido de préstamo Patrimonio Dominicano Biblioteca Nacional Pedro Henríquez Ureña Patrimonio Dominicano En catalogación 04.09.2009 LF1   2020-0068 30.09.2020 25.06.2020 Libro y Folleto Colección Patrimonio Dominicano Dewey Decimal Classification Poder Judicial e.2

Powered by Koha